000 00344 a2200157 4500
001 194537
040 _cMagnum
100 _aKowalczyk, Marie-Thérèse
240 1 0 _aO menino e o jacaré
_lpor
245 1 0 _aO menino e o jacaré
300 _a24
362 0 _a2009
440 1 _aBrinque-Book
697 _aLITERATURA INFANTO
942 _cBK
999 _c194537
_d194537